Making up the difference (Record no. 224127)
[ view plain ]
| 000 -LEADER | |
|---|---|
| fixed length control field | 01774nam a2200397 a 4500 |
| 082 04 - DEWEY DECIMAL CLASSIFICATION NUMBER | |
| Classification number | 381/.456685509866 |
| 100 1# - MAIN ENTRY--AUTHOR NAME | |
| Personal name | Casanova, Erynn Masi de, |
| 245 10 - TITLE STATEMENT | |
| Title | Making up the difference |
| 250 ## - EDITION STATEMENT | |
| Edition statement | 1st ed. |
| 260 ## - PUBLICATION, DISTRIBUTION, ETC. (IMPRINT) | |
| Place of publication | Austin : |
| Name of publisher | University of Texas Press, |
| Year of publication | c2011. |
| 300 ## - PHYSICAL DESCRIPTION | |
| Number of Pages | xix, 239 p. : |
| Other physical details | ill. |
| 490 1# - SERIES STATEMENT | |
| Series statement | Louann Atkins Temple women & culture series ; |
| 505 0# - FORMATTED CONTENTS NOTE | |
| Formatted contents note | pt. 1. Gender relations : women, men, and work -- pt. 2. The look : images of beauty, professionalism, and success -- pt. 3. Direct selling in context : careers and consumption. |
| 650 #0 - SUBJECT ADDED ENTRY--TOPICAL TERM | |
| Topical Term | Direct selling |
| Topical Term | Women |
| Topical Term | Women |
| Topical Term | Cosmetics industry |
| 856 40 - ELECTRONIC LOCATION AND ACCESS | |
| Uniform Resource Identifier | http://site.ebrary.com/lib/rucke/Doc?id=10485556 |
No items available.
